000 01440nam a22002417a 4500
001 615
005 20231204082642.0
020 _a9780439947831
040 _aFISKH
_beng
_cFISKH
_dFISKH
050 _aPZ7
082 _aFic
100 _aRichards, Nancy Wilcox
245 _aHow to tame a bully /
_cby Nancy Wilcox Richards ; illustrated by Drazen Kozjen
260 _bScholastic.
_c2006.
300 _a75 pages :
_c20 cm.
505 _aH
520 _aHow will Lauren cope with the new girl in her class who is bullying her? In this easy-to-read early chapter book, Lauren is thrilled to begin Grade 3 in her favourite teacher's class, and with her best friend. But also in the class is Bethany, a newcomer to the school - and a bully. As Lauren is subjected to a series of lunchtime and classroom challenges, she learns how to deal with her nemesis. Kids will relate to the familiar situations depicted in the story -- being at a new school, making new friends, collaborating on a school project, and bullying. Though the topic of bullying is a serious one, the upbeat text and fresh black-and-white illustrations add humour and lighten the tone of the book. How To Tame a Bully ties into Canadian curriculum (social studies, science, and health and life strands), and teaches children essential social skills.
521 _a470
_bLexile
521 _aH
_bRaz-Plus
650 _aBully
650 _aBullies
942 _2ddc
_cBK
_n0
999 _c615
_d615